LEADER 01271nam 2200421 450 001 9910480440703321 005 20211104215831.0 010 $a1-61537-311-X 035 $a(CKB)4100000011138871 035 $a(MiAaPQ)EBC6180860 035 $a(EXLCZ)994100000011138871 100 $a20200807d2020 uy 0 101 0 $aeng 135 $aurcnu|||||||| 181 $ctxt$2rdacontent 182 $cc$2rdamedia 183 $acr$2rdacarrier 200 02$aA psychiatrist's guide to advocacy /$fedited by Mary C. Vance [and three others] 205 $aFirst edition. 210 1$aWashington, DC :$cAmerican Psychiatric Association Publishing,$d[2020] 210 4$dİ2020 215 $a1 online resource (460 pages) 311 $a1-61537-233-4 320 $aIncludes bibliographical references and index. 606 $aMental health services$zUnited States 606 $aPatient advocacy$zUnited States 608 $aElectronic books. 615 0$aMental health services 615 0$aPatient advocacy 676 $a362.20973 702 $aVance$b Mary C. 801 0$bMiAaPQ 801 1$bMiAaPQ 801 2$bMiAaPQ 906 $aBOOK 912 $a9910480440703321 996 $aA psychiatrist's guide to advocacy$91891380 997 $aUNINA LEADER 00992nam a2200301 i 4500 001 991000819749707536 005 20020506124723.0 008 960309s1987 ne ||| | eng 035 $ab10134104-39ule_inst 035 $aLE00637382$9ExL 040 $aDip.to Fisica$bita 084 $a52.9.56 084 $a53.5.4 084 $a523.02 084 $aQB450 100 1 $aTarafdar, S.$0461145 245 10$aAstrochemistry /$cedited by S. Tarafdar and M. Vardya 260 $aDordrecht :$bD. Reidel Publ. Co.,$c1987 300 $axxv, 613 p. :$bill. ;$c25 cm. 490 0 $aInternational Astronomical Union Symposium ;$v120 650 4$aCosmochemistry 700 1 $aVardya, M. 907 $a.b10134104$b17-02-17$c27-06-02 912 $a991000819749707536 945 $aLE006 52.9.54 VAR$g1$i2006000029087$lle006$o-$pE0.00$q-$rl$s- $t0$u0$v0$w0$x0$y.i10157748$z27-06-02 996 $aAstrochemistry$9185389 997 $aUNISALENTO 998 $ale006$b01-01-96$cm$da $e-$feng$gne $h0$i1